Κατάλογος Βιβλιοθηκών Mediterranean College

Ποιοτικές Μέθοδοι Έρευνας στις Κοινωνικές Επιστημές (Record no. 2964)

MARC details
000 -LEADER
fixed length control field 01826cam a22002054a 4500
005 - ΗΜΕΡΟΜΗΝΙΑ ΚΑΙ ΩΡΑ ΤΕΛΕΥΤΑΙΑΣ ΕΝΗΜΕΡΩΣΗΣ
Πεδίο ελέγχου 20250605164059.0
008 - FIXED-LENGTH DATA ELEMENTS--GENERAL INFORMATION
Πεδίο ελέγχου σταθερού μήκους 250528s ||||||||||||||||||||||||d
035 ## - SYSTEM CONTROL NUMBER
System control number 17560
020 ## - ISBN
ISBN 9789602185995
040 ## - ΠΗΓΗ ΚΑΤΑΛΟΓΟΓΡΑΦΗΣΗΣ
Φορέας πρωτότυπης καταλογογράφησης MC Athens Campus Library
Γλώσσα καταλογογράφησης Ελληνικά, Μοντέρνα (1453-)
Modifying agency MC Athens Campus Library
Κανόνες περιγραφικής καταλογογράφησης AACR2
245 1# - ΤΙΤΛΟΣ ΚΑΙ ΔΗΛΩΣΗ ΥΠΕΥΘΥΝΟΤΗΤΑΣ
Τίτλος Ποιοτικές Μέθοδοι Έρευνας στις Κοινωνικές Επιστημές
250 ## - EDITION STATEMENT
Edition statement
260 ## - PUBLICATION, DISTRIBUTION, ETC.
Name of publisher, distributor, etc. Κριτική,
Date of publication, distribution, etc. 2008
300 ## - PHYSICAL DESCRIPTION
Extent 328
520 ## - SUMMARY, ETC.
Summary, etc. Το παρόν βιβλίο έχει στόχο να λειτουργήσει ως μια εισαγωγή στις ποιοτικές μεθόδους και στην ανάλυση των δεδομένων ποιοτικής κοινωνικής έρευνας. Ευχαριστίες, Πρόλογος, Εισαγωγή: Οι Ποιοτικές Μέθοδοι Έρευνας στις Κοινωνικές Επιστήμες και η Ανάλυση των Δεδομένων, Το Θεωρητικό Πλαίσιο της Ποιοτικής Κοινωνικής Έρευνας, Μέθοδοι Συλλογής Ποιοτικών Δεδομένων, και Στρατηγικές Ποιοτικής Κοινωνικής Έρευνας, Ανάλυση Δεδομένων Ποιοτικής Κοινωνικής Έρευνας, Κριτήρια Ποιότητας στην Ποιοτική Κοινωνική Έρευνα, Ζητήματα Εγκυρότητας και Αξιοπιστίας, Ηθική και Δεοντολογία στην Ποιοτική Κοινωνική Έρευνα, Οι Προοπτικές της Ποιοτικής Κονωνικής Έρευνας, Βιβλιογραφία, Γλωσσάρι Όρων και Εννοιών.
700 1# - ΠΡΟΣΘΕΤΗ ΑΝΑΓΡΑΦΗ--ΦΥΣΙΚΟ ΠΡΟΣΩΠΟ
Personal name Ιωσηφίδης Θεόδωρος
9 (RLIN) 3712
942 ## - ADDED ENTRY ELEMENTS (KOHA)
Koha item type Books
Holdings
Τύπος τεκμηρίου Βιβλιοθήκη Τρέχουσα τοποθεσία Barcode Αριθμός εισαγωγής Ημερομηνία απόκτησης Ταξιθετικό σύμβολο Αριθμός αντιτύπου Κατάσταση απόσυρσης Κατάσταση χαμένου Κατάσταση κατεστραμμένου Μη δανεισμός Σύνολο δανεισμών Ημερομηνία τελευταίας εμφάνισης Η τιμή ισχύει από
Books MC Athens Campus Library MC Athens Campus Library 9780000029638 5772 05/06/2025 300.72 IOS 1           05/06/2025 05/06/2025

MC Athens Campus Library
Πατησίων 94 & Κοδριγκτώνος 13, 104 34
Πελλήνης 8 & Πατησίων 107, 112 51
Τ: +30 210 8899600

MC Thessaloniki Campus Library
Ίωνος Δραγούμη 21, 54625 | Ίωνος Δραγούμη 15, 54625
Τ: +30 2310 287779 – Τ: +30 2314 440300